Vimla: The Everyday Indian Woman and Murder Most Foul/ (Record no. 177241)

MARC details
000 -LEADER
fixed length control field 00575nam a22001817a 4500
005 - DATE AND TIME OF LATEST TRANSACTION
control field 20210215172607.0
010 ## - LCCN (DPL NO)
LC control number ENG-128985
020 ## - INTERNATIONAL STANDARD BOOK NUMBER
Terms of availability 495.00
International Standard Book Number 978-93-86473-70-7
035 ## - SYSTEM CONTROL NUMBER
System control number EN-112517
037 ## - SOURCE OF ACQUISITION
Source of stock number/acquisition DBAD/PUB
082 ## - DEWEY DECIMAL CLASSIFICATION NUMBER
Classification number N
100 ## - MAIN ENTRY--PERSONAL NAME
Personal name Vishnupriya Sita
245 ## - TITLE STATEMENT
Title Vimla: The Everyday Indian Woman and Murder Most Foul/
Statement of responsibility, etc Vishnupriya Sita
260 ## - PUBLICATION, DISTRIBUTION, ETC. (IMPRINT)
Place of publication, distribution, etc New Delhi
Name of publisher, distributor, etc Vitasta Publishing Pvt. Ltd.
Date of publication, distribution, etc 2021
270 ## - ADDRESS
City New Delhi
Address 2/15, Ansari Roaad, Daryaganj
Postal code 110002
Electronic mail address info@vitastapublishing.com
300 ## - PHYSICAL DESCRIPTION
Extent xxiii+209p.
Dimensions 23cm(hbk)
942 ## - ADDED ENTRY ELEMENTS (KOHA)
Source of classification or shelving scheme Dewey Decimal Classification
Item type English Books
Classification part N
Call number suffix VIS
Holdings
Withdrawn status Lost status Not for loan Collection code Home library Current library Date acquired Source of acquisition Cost, normal purchase price Full call number Barcode Copy number Cost, replacement price Koha item type
      Fiction Ashok Vihar Ashok Vihar 15/02/2021 DBAD/PUB 495.00 N VIS EN-112517 1 495.00 English Books

© Delhi Public Library
Hit Counter
free hit counter